Matematická statistika /

Gespeichert in:
Bibliographische Detailangaben
1. Verfasser: Anděl, Jiří (Verfasst von)
Format: Buch
Sprache:Tschechisch
Veröffentlicht: Praha : SNTL, 1985
Ausgabe:2.vyd.
Tags: Tag hinzufügen
Keine Tags, Fügen Sie das erste Tag hinzu!

MARC

LEADER 00000nam a22000003a 4500
001 stu4654
005 20150617225810.2
008 931013s1985----cs------------------cze-d
040 |a STU  |b slo 
041 0 |a cze 
044 |a cs 
080 |a 519.2 
100 1 |a Anděl, Jiří  |4 aut 
245 1 |a Matematická statistika /  |c [aut.] Anděl,Jiří 
250 |a 2.vyd. 
260 |a Praha :  |b SNTL,  |c 1985 
300 |a 346 s 
996 |b E78334  |c E*78334  |l EE22  |s P  |a 0  |w stu4654_0002